000 02156cam a22005177a 4500
003 CHAP
005 20220817041529.0
008 971013s1994 r 00010 d
010 _a17187
011 _a18159
035 _a22244
040 _cCHAP
082 _a301.444
_bM37
100 0 0 _aMartínez Saldaña, Tomás
_ecomp.
_972505
245 0 _aAgricultura campesina
_b: orientaciones agrobiológicas y agronómicas sobre bases sociales tradicionales vs Tratado de Libre Comercio
260 _aMontecillo, Méx. :
_bColegio de Postgraduados,
_c1994
300 _a339 p.
590 _aBATCH-UPD
_b10
_c20130110
_lUCH01
_h0055
590 _aBATCH-UPD
_b10
_c20130110
_lUCH01
_h1009
590 _aBATCH-UPD
_b10
_c20130409
_lUCH01
_h2043
590 _aBATCH-UPD
_b10
_c20130410
_lUCH01
_h0618
590 _aBATCH-UPD
_b10
_c20130913
_lUCH01
_h2030
590 _aBATCH-UPD
_b10
_c20130914
_lUCH01
_h1007
590 _aCONVERSION
_b10
_c20130109
_lUCH01
_h1311
650 1 4 _aAgricultura de subsistencia.
_91998
650 1 4 _aAgricultura tradicional.
_92029
650 1 4 _aAgricultura
_xCongresos.
_91373
650 1 4 _aAgricultura
_xInnovaciones tecnológicas.
_91565
650 1 4 _aAgricultura
_xTrabajadores.
_91840
650 1 4 _aBiotecnología.
_912878
650 1 4 _aCampesinado
_zMéxico.
650 1 4 _aEcología agrícola.
_935165
650 1 4 _aMéxico
_xCondiciones rurales.
650 1 4 _aTratado Trilateral de Libre Comercio.
700 0 _aBejarano G., F.
_ecomp.
_911318
700 0 _aTrujillo A., J.
_ecomp.
_9115388
710 0 _aColegio de Postgraduados. Chapingo, Méx. Centro de Estudios del Desarrollo Rural.
_925079
711 0 _aSeminario de Agricultura Campesina (2 : 1990 : Montecillo, Méx.)
_9104011
901 _aBK
942 _cLIBRO
949 _a301.444 M37
_bBC
_cLIBRO
_d33724000285052
_eLIBRO
_fc.3
_h87016
_i22244
_si
949 _a301.444 M37
_bBC
_cLIBRO
_d33724000285060
_eLIBRO
_fc.4
_h87017
_i22244
_si
949 _a301.444 M37
_bBC
_cLIBRO
_d33724000285078
_eLIBRO
_h87014
_i22244
_mD
_si
949 _a301.444 M37
_bBC
_cLIBRO
_d33724000285086
_eLIBRO
_fc.2
_h87015
_i22244
_si
949 _a301.444 M37
_bBC
_cUACH
_d-52118
_eUACH
_fc.5
_h87018
_i22244
_si
999 _c17187
_d17187